| 000 | 01187nam a22002775a 4500 | ||
|---|---|---|---|
| 001 | 15334484 | ||
| 005 | 20080618110533.0 | ||
| 008 | 080618s2008 nyu 000 0 eng | ||
| 010 | _a 2008931413 | ||
| 020 | _a9781402086533 (hardcover) | ||
| 020 | _a9781402086540 (E- ISBN) | ||
| 040 |
_aDLC _cDLC |
||
| 082 |
_220 _a621.042 _bBIO |
||
| 245 | 0 | 0 |
_aBiofuels, solar and wind as renewable energy systems : _bBenefits and risks / _cEdited by David Pimentel. |
| 260 |
_aNew York : _bSpringer, _cc2008. |
||
| 263 | _a0809 | ||
| 300 |
_axxi, 504 p; _c23 cm. _bill.; |
||
| 500 | _aIncludes Index. | ||
| 504 | _aIncludes bibliographical references and index. | ||
| 650 |
_93747 _aRenewable energy sources. |
||
| 700 | 1 |
_aPimentel, David _95627 |
|
| 942 |
_2ddc _cBB |
||
| 999 |
_c11567 _d11567 |
||